[Event "Sao Paulo Pascoa op"]
[Site "Sao Paulo"]
[Date "2024.03.29"]
[Round "1"]
[White "Inaoka, Felipe Kazuichi Bor"]
[Black "Favareto, Luca Perosa"]
[Result "0-1"]
[WhiteElo "1800"]
[BlackElo "1717"]
[PlyCount "54"]
[EventDate "2024.03.29"]
[EventType "swiss"]
[EventRounds "6"]
[EventCountry "BRA"]
[SourceTitle "CB14_2024"]
[SourceDate "2024.04.01"]
[SourceVersion "1"]
[SourceVersionDate "2024.04.01"]
[SourceQuality "1"]

1. Nf3 Nf6 2. g3 g6 3. Bg2 Bg7 4. c4 c5 5. 0-0 Nc6 6. d3 0-0 7. Be3 d6 8. Nc3 a6 9. Nd2 e5 10. Rb1 Rb8 11. a3 Nd4 12. Nde4 Nxe4 13. Nxe4 f5 14. Nc3 Nc6 15. Qc1 Be6 16. Bh6 Ne7 17. Bxg7 Kxg7 18. Re1 f4 19. Ne4 h6 20. Nd2 Nf5 21. Nf1 Nd4 22. e3 fxg3 23. hxg3 Nf3+ 24. Bxf3 Rxf3 25. Nd2 Rf7 26. d4 Qf6 27. Ne4 Qf3 0-1